Rosas, estanciero : gobierno y expansión ganadera /
Guardado en:
| Autor Principal: | |
|---|---|
| Formato: | Libro |
| Publicado: |
Buenos Aires :
Capital Intelectual,
2005
|
| Series: | Colección Claves para todos / dirigida por José Nun
|
| Materias: | |
| Etiquetas: |
Agregar Etiqueta
Sin Etiquetas, Sea el primero en etiquetar este registro!
|
| LEADER | 00739nam a22002295a 4500 | ||
|---|---|---|---|
| 001 | CEM.cems013052 | ||
| 005 | 20081105084507.0 | ||
| 008 | 130507s2005##################000#0#####d | ||
| 003 | CEMS | ||
| 020 | |a 9871181272 | ||
| 082 | 0 | 4 | |a 982.04 |
| 100 | 1 | |a Gelman, Jorge | |
| 245 | 1 | 0 | |a Rosas, estanciero : |b gobierno y expansión ganadera / |c Jorge Gelman |
| 260 | |a Buenos Aires : |b Capital Intelectual, |c 2005 | ||
| 300 | |a 95 p. | ||
| 490 | 0 | |a Colección Claves para todos / dirigida por José Nun | |
| 653 | |a Historia | ||
| 653 | |a Historia argentina | ||
| 653 | |a Historia política argentina | ||
| 653 | |a Rosas, juan manuel-biografía | ||
| 653 | |a Rosas, juan manuel-política | ||
| 859 | |a CEMS |b BIB. CEMS - 11 de abril |h 982.04 |i G282 |p 25444.08 |t Ej.1 | ||
